Le monument poétique de heian : le kokinshû /
Guardado en:
| Autor Principal: | |
|---|---|
| Formato: | Libro |
| Publicado: |
Paris :
Librairie Orientaliste Paul Geuthner,
1935
|
| Materias: | |
| Etiquetas: |
Agregar Etiqueta
Sin Etiquetas, Sea el primero en etiquetar este registro!
|
| LEADER | 00516nam a22001575a 4500 | ||
|---|---|---|---|
| 001 | EHU.bham023746 | ||
| 003 | AR-BHAM | ||
| 005 | 20110222133532.0 | ||
| 008 | 130507s1935##################000#0#####d | ||
| 082 | 8 | 9 | |a 895.61 |
| 100 | 1 | |a Bonneau, Georges | |
| 245 | 1 | 0 | |a Le monument poétique de heian : |b le kokinshû / |c Georges Bonneau : |
| 260 | |a Paris : |b Librairie Orientaliste Paul Geuthner, |c 1935 | ||
| 300 | |a 31 p. | ||
| 653 | |a Poesia japonesa | ||
| 859 | |a AR-BHAM |b BIB. HUMANIDADES - General |h 895.61 |i B642-4 |p 584.64 |t Ej.1 |v I SUPL. |3 SUPL. | ||
